000 01098nam a2200193 i 4500
001 182405
003 ES-MaACL
005 20250728182217.0
008 130808s1990 sp |||| | spa d
100 0 _aGarcía-Diego, José A.
_954541
245 1 0 _aPedro Bernardo Villarreal de Berriz
_b: euskaldunon ekarpena XVIII, eko injeniaritzari = la aportación vasca a la ingeniería del XVIII /
_c[introducción, José A. García Diego].
260 _a[Bilbao] :
_bBikaiko Foru Aldundia, Kultura Saila = Diputación Foral de Bizkaia, Departamento de Cultura,
_c[1990?]
300 _aP.3-12 :
_bil. ;
_c30 cm.
546 _aTexto en paralelo en vasco y español.
595 _aSeparata de la publicación: Pedro Bernardo Villarreal de Berriz : euskaldunon ekarpena XVIII, eko injeniaritzari = la aportación vasca a la ingeniería del XVIII .- [Bilbao] : Bikaiko Foru Aldundia, Kultura Saila = Diputación Foral de Bizkaia, Departamento de Cultura, D.L. 1990.
600 1 4 _aVillarreal de Berriz, Pedro Bernardo,
_d1670-1740
_9115137
852 _aES-MaACL
_j2323-F-16
999 _c182405
_d182405